|
|
|
|
| LEADER |
00000nam a22000007a 4500 |
| 005 |
20210105010747.0 |
| 007 |
cr|||| |||| |
| 008 |
210105s2013 br |||||s|||| 00||0 por d |
| 020 |
|
|
|a 978-85-8248-25-0
|
| 035 |
|
|
|a 32499
|
| 040 |
|
|
|a vLex
|
| 090 |
|
|
|c 11057
|d 11057
|
| 100 |
1 |
|
|a Moreira de Carvalho, Jeferson
|
| 245 |
1 |
0 |
|a Meio Ambiente Sadia Qualidade de Vida
|h [Recurso electrn̤ico] /
|c Jeferson Moreira de Carvalho
|
| 256 |
|
|
|a Servicio en ln̕ea
|
| 260 |
|
|
|a San Pablo:
|b Letras Jurídicas Editora,
|c 2013
|
| 300 |
|
|
|a 1 recurso electrn̤ico
|
| 500 |
|
|
|a A Constituiȯ̂ Federal apresenta um catl̀ogo de direitos fundamentais e, ao tratar da Ordem Social apresenta alguns destes direitos, entre os quais o direito a uma sadia qualidade de vida. Considerando que nô basta viver neste mundo, ou na sociedade ao qual estamos inseridos, surgiu a ideia de estudarmos o Texto Constitucional e de expor nosso pensamento o que seria a sadia qualidade de vida, como pensada pelo legislador constituinte. Descrevendo a vida nos seus mais variados significados, vamos encontrar a vida em sociedade, que deve receber amparo pela Ordem Maior, a fim de que qualquer pessoa que esteja no Estado Brasileiro tenha vida digna. Partindo do Preḿbulo Constitucional e passando pelo fundamento da dignidade da pessoa humana, vamos encontrar na Ordem Social, no Capt̕ulo prp̤rio do Meio Ambiente, ideias e instrumentos que possibilitam a todos que estejam em territr̤io brasileiro obter a desejv̀el sadia qualidade de vida. O estudo extrapola o Texto Constitucional com o fim de mostrar que a qualidade de vida ̌inerente ao ser humano, e que quando se pensa em vida, deve ser pensar na sua plenitude, isto ,̌ nô cuida a Constituiȯ̂ apenas da vida fs̕ica, mas tambm̌ a espiritual e a psicolg̤ica. Enfim, a preocupaȯ̂ demonstrada no estudo ̌que todos tenham sadia qualidade de vida em toda sua plenitude, porque s ̤assim se atende a dignidade da pessoa humana, que ̌o mn̕imo para que se possa bem viver em sociedade. O autor
|
| 506 |
1 |
|
|a Disponible solo en los productos indicados
|d vLex Global
|d vLex Global (Academic Edition, excluding Law Schools)
|d vLex Global (U.S. Academic Edition, Law Schools)
|d vLex Global (U.S. Academic Edition, excluding Law Schools)
|d vLex Global (Academic Edition, Law Schools)
|
| 650 |
0 |
4 |
|a Derecho del Medio Ambiente
|z Brasil
|
| 740 |
0 |
|
|a vLex Libros (Servicio en ln̕ea)
|
| 856 |
4 |
0 |
|u http://vlex.com/source/meio-ambiente-sadia-qualidade-de-vida-32499
|z Acceso restringido
|
| 942 |
|
|
|c BOOK
|
| 999 |
0 |
|
|a Environmental Law
|